| 000 | 00606nam a22001697a 4500 | ||
|---|---|---|---|
| 999 |
_c15323 _d15323 |
||
| 003 | AR-CdUCM | ||
| 008 | 190424b ||||| |||| 00| 0 spa d | ||
| 040 |
_aMUNICIPALIDAD PROVINCIAL DEL CUSCO _cBIBLIOTECA MUNICIPAL DEL CUSCO |
||
| 082 |
_aC / 985.61 / _bV69 |
||
| 245 | _aInti Raymi festival 1979 Cusco / | ||
| 260 |
_aCusco : _bFoptur, _c1979. |
||
| 300 |
_a38 páginas ; _bfotografías. _c20 cm. |
||
| 505 | _aPapel de las nacionalidades en la forja de la nación peruana -- Inti Raymi o fiesta del sol... | ||
| 700 |
_aVega Centeno, David (presidente) _933548 |
||
| 942 |
_2ddc _cFOLLETOS |
||
| 945 | _dwfj | ||